Mythologie grecque - Les Hécatonchires - Statistiques

Statistiques générales
  • Ce quiz a été pris 23 fois
  • Le résultat moyen est 16 sur 22
Statistiques - réponses
Type de question Questions Réponses % Correct
Famille Frères (Titans) Cronos
100%
Famille Mère Gaïa
100%
Famille Père Ouranos
100%
Hécatonchire Quelle fût leur prison ? Le Tartare
93%
Famille Sœurs (Titanides) Rhéa
93%
Hécatonchire Nom Briaréé
87%
Famille Frères (Titans) Hypérion
87%
Famille Frères (Titans) Japet
87%
Famille Sœurs (Titanides) Téthys
80%
Famille Frères (Titans) Crios
73%
Famille Sœurs (Titanides) Mnémosyne
73%
Famille Sœurs (Titanides) Thémis
73%
Famille Cyclope dont le nom signifie "Foudre" Arghès
67%
Hécatonchire Nom Cottos
67%
Famille Frères (Titans) Koios
67%
Famille Frères (Titans) Océanos
67%
Famille Sœurs(Titanides) Phébé
60%
Famille Sœurs (Titanides) Théia
60%
Famille Cyclope dont le nom signifie "Tonnerre" Brontès
53%
Famille Cyclope dont le nom signifie "Eclair" Stéropès
47%
Famille Sœurs (Titanides) Dioné
33%
Hécatonchire Nom Gyès
33%
Aucun quiz correspondant
Distribution des résultats
% des personnes avec chaque résultat
Percentile par nombre de réponses
Votre historique - résultats
Vous n’avez pas pris ce quiz